Comedic Mystery Movies - Statistics

General Stats
  • This quiz has been taken 7 times
  • The average score is 8 of 26
Answer Stats
Year Movie Actors % Correct
2019 Knives Out Ana de Armas, Michael Shannon
71%
2019 Murder Mystery Adam Sandler, John Kani
71%
2018 Game Night Jason Bateman, Rachel McAdams
57%
2023 Murder Mystery 2 Jennifer Aniston, Mark Strong
57%
2018 A Simple Favor Henry Gooding, Blake Lively
43%
2022 Death on the Nile Gal Gadot, Armie Hammer
43%
2022 Glass Onion Dave Bautista, Kate Hudson
43%
2016 Zootopia Ginnifer Goodwin, J.K. Simmons
43%
2023 A Haunting in Venice Michelle Yeoh, Kenneth Branagh
29%
2020 Enola Holmes Sam Claflin, Helena Bonham Carter
29%
2022 Enola Holmes 2 Louis Partridge, Henry Cavill
29%
2018 Holmes and Watson Will Ferrell, John C. Reilly
29%
2016 Now You See Me 2 Daniel Radcliffe, Morgan Freeman
29%
2025 Now You See Me 3 Isla Fisher, Woody Harrelson
29%
2022 See How They Run Adrien Brody, Saoirse Ronan
29%
2016 The Nice Guys Ryan Gosling, Russell Crowe
29%
2025 Wake Up Dead Man Daniel Craig, Jeremy Renner
29%
2022 Amsterdam Taylor Swift, Zoe Saldana
14%
2025 Another Simple Favor Elizabeth Perkins, Allison Janney
14%
2024 Argylle Bryan Cranston, Bryce Dallas Howard
14%
2020 Hubie Halloween Kenan Thompson, Kevin James
14%
2016 Miss Peregrine's Home For Peculiar Children Eva Green, Asa Butterfield
14%
2017 Murder on the Orient Express Johnny Depp, Daisy Ridley
14%
2020 Scoob! Zac Efron, Ariana Greenblatt
14%
2018 The Happytime Murders Melissa McCarthy, Ben Falcone
14%
2024 Woman of the Hour Tony Hale, Anna Kendrick
14%
No matching quizzes found
Score Distribution
Percent of People with Each Score
Percentile by Number Answered
Your Score History
You have not taken this quiz